| 000 | 00869 a2200277 4500 | ||
|---|---|---|---|
| 003 | OSt | ||
| 005 | 20180116192349.0 | ||
| 008 | 120531t xxu||||| |||| 00| 0 eng d | ||
| 010 | _a 2003046489 | ||
| 020 | _a0393730956 | ||
| 020 | _a9780393730951 | ||
| 040 | _c0 | ||
| 082 | 0 | 0 | _a720.23 |
| 100 | 1 |
_aLinton, Harold. _93061 |
|
| 245 | 1 | 0 |
_aPortfolio design / _cHarold Linton ; photographs by Steven Rost. |
| 250 | _a3rd ed. | ||
| 260 |
_aNew York : _bW.W. Norton, _cc2003. |
||
| 300 |
_a200 p. : _bill. (some col.) ; _c29 cm. |
||
| 500 | _aIncludes index. | ||
| 650 | 1 | 0 |
_aArchitecture portfolios _xDesign. _93062 |
| 650 | 1 | 0 |
_aArchitectural services marketing. _93063 |
| 650 | 1 | 0 |
_aDesign services _xMarketing. _93064 |
| 700 | 1 |
_aRost, Steven. _93065 |
|
| 942 |
_aSADA _cBK _k720.23 LIN 2003 _2ddc |
||
| 999 |
_c352851 _d352851 |
||